Statistiken für Südsudan-Quiz

Klicken Sie hier um das Quiz zu spielen!

Allgemein

  • Dieses Quiz wurde 67 mal gespielt
  • Das Durchschnittsergebnis liegt bei 14 aus 18

Antwortstatistiken

Frage Antwort % Korrekt
NachbarlandSudan
98%
Unabhängigkeitsjahr Südsudans2011
98%
NachbarlandZentralafrikanische Republik
98%
Fluss, der durch die Hauptstadt geht{Weisser} Nil
96%
NachbarlandUganda
94%
NachbarlandÄthiopien
94%
Kolonialmacht von Südsudan, 1899 –1956Vereinigtes Königreich
94%
NachbarlandDemokratische Republik Kongo
94%
Rohstoffquelle, die 98% der Regierungseinnahmen ausmachtErdöl
93%
NachbarlandKenia
93%
Hauptstadt von SüdsudanJuba
85%
Amtssprache SüdsudansEnglisch
85%
Andere Verkehrssprache SüdsudansArabisch
78%
Währung SüdsudansPfund
50%
Ausländischer Staatsführer, der den ersten Präsidenten Südsudans
Salva Kiir Mayardit sein Markenzeichen Stetson-Hut schenkte
George W. Bush
37%
Sudanesischer Basketballspieler, der mit 2.29 m der zweitgrösste der NBA-Geschichte warManute Bol
33%
Ethnie, zu deren ca. 15% der Bevölkerung Südsudans gehörenDinka
26%
Grosses Sumpfland, das die Suche nach der obigen Flussquelle eine Zeit lang hinderteSudd
22%

Verteilung der Resultate

Perzentil nach korrekt beantworteten Fragen

Anzahl Personen mit jedem Resultat

Ihre Resultats-Entwicklung

Sie haben dieses Quiz noch nicht gespielt